Seminarios de estratigrafía (Record no. 143178)

MARC details
000 -LEADER
campo de control de longitud fija 00941nam a2200205 i 4500
001 - NÚMERO DE CONTROL
campo de control 143178
003 - IDENTIFICADOR DE NÚMERO DE CONTROL
campo de control ES-MaACL
005 - FECHA Y HORA DE LA ÚLTIMA TRANSACCIÓN
campo de control 20230906200738.0
007 - CAMPO FIJO DE DESCRIPCIÓN FÍSICA--INFORMACIÓN GENERAL
campo de control de longitud fija t|
008 - DATOS DE LONGITUD FIJA--INFORMACIÓN GENERAL
campo de control de longitud fija 070214s1969 sp r ||||1| spa d
080 ## - NÚMERO DE LA CLASIFICACIÓN DECIMAL UNIVERSAL
Número de la Clasificación Decimal Universal 551.7
245 00 - MENCIÓN DEL TÍTULO
Título Seminarios de estratigrafía
Resto del título : conferencias, cursillos y coloquios.
Número de parte o sección de la obra Vol. 1, n. 1 /
Mención de responsabilidad, etc. Departamento de Estratigrafía, Instituto de Geología Económica (C. S. I. C.) ; [organizado por la Asociación de Geólogos Españoles para el Instituto de Geología Económica del C. S. I. C.].
260 ## - PUBLICACIÓN, DISTRIBUCIÓN, ETC.
Lugar de publicación, distribución, etc. Madrid :
Nombre del editor, distribuidor, etc. Universidad de Madrid, Servicio de Publicaciones de la Facultad de Ciencias.
300 ## - DESCRIPCIÓN FÍSICA
Extensión 56 p. ;
Dimensiones 24 cm.
650 #4 - PUNTO DE ACCESO ADICIONAL DE MATERIA--TÉRMINO DE MATERIA
Término de materia o nombre geográfico como elemento de entrada Estratigrafía.
9 (RLIN) 136064
710 2# - ENTRADA AGREGADA--NOMBRE DE ENTIDAD CORPORATIVA
Nombre de entidad corporativa o nombre de jurisdicción como elemento de entrada Universidad de Madrid.
Unidad subordinada Facultad de Ciencias.
9 (RLIN) 7210
710 2# - ENTRADA AGREGADA--NOMBRE DE ENTIDAD CORPORATIVA
Nombre de entidad corporativa o nombre de jurisdicción como elemento de entrada Asociación de Geólogos Españoles.
9 (RLIN) 144051
710 2# - ENTRADA AGREGADA--NOMBRE DE ENTIDAD CORPORATIVA
Nombre de entidad corporativa o nombre de jurisdicción como elemento de entrada Instituto de Geología Económica (Madrid)
9 (RLIN) 144052
852 ## - LOCALIZACIÓN
Ubicación ES-MaACL
Número de control de estantería 2271-F-10
Encuadernación Olim P-1608
Holdings
Estatus retirado Estado de pérdida Estado de daño No para préstamo Colección Biblioteca de origen Biblioteca actual Ubicación en estantería Fecha de adquisición Fuente de adquisición Total de préstamos Signatura topográfica completa Código de barras Visto por última vez Precio de reemplazo Tipo de ítem Koha
        Colección de folletos Biblioteca del Ateneo de Madrid Biblioteca del Ateneo de Madrid Depósito folletos 23/11/2010     2271-F-10 1184638 23/02/2023 23/02/2023 Folleto